Breviár etiky podnikania /
Gespeichert in:
| 1. Verfasser: | |
|---|---|
| Format: | Buch |
| Sprache: | Slowakisch |
| Veröffentlicht: |
Bratislava :
Vydavateľstvo Eurostav, s.r.o.,
2010
|
| Ausgabe: | 1. vydanie |
| Schlagworte: | |
| Tags: |
Keine Tags, Fügen Sie das erste Tag hinzu!
|
MARC
| LEADER | 00000nam a22000003a 4500 | ||
|---|---|---|---|
| 001 | 0091540 | ||
| 003 | SK-STU | ||
| 005 | 20211115120733.5 | ||
| 007 | ta | ||
| 008 | 211115s ----xo-----e------000-0-----d | ||
| 020 | |a 978-80-89228-28-7 | ||
| 040 | |a STU |b slo | ||
| 041 | 0 | |a slo | |
| 044 | |a xo | ||
| 100 | 1 | |a Blaškovič, Gabriel |4 aut | |
| 245 | 1 | 0 | |a Breviár etiky podnikania / |c aut. Gabriel Blaškovič |
| 250 | |a 1. vydanie | ||
| 260 | |a Bratislava : |b Vydavateľstvo Eurostav, s.r.o., |c 2010 | ||
| 300 | |a 223 s. | ||
| 650 | 0 | 7 | |a podnikanie |
| 650 | 0 | 7 | |a spoločenská zodpovednosť podnikov |
| 650 | 0 | 7 | |a trhové hospodárstvo |
| 650 | 0 | 7 | |a spravodlivosť |
| 650 | 0 | 7 | |a morálka |
| 650 | 0 | 7 | |a etika |
| 650 | 0 | 7 | |a citáty |
| 996 | |b 284AU09226 |c A* 12540/U |l AAKNST |s P |a 0 |w 0091540_0001 | ||
| 996 | |b 284AU09227 |c A* 12541/U |l AAKNAR |s A |a 24 |w 0091540_0002 | ||